000 00461nam a2200145 a 4500
008 120416s0000 ||||||||||||||||| || u
020 _a0352300523
050 _aPR 6054.E475 Den
100 _aDenker, Henry
245 1 2 _aA place for the mighty
260 _aLondon
_bW. H. Allen
_c1974
300 _a399p.
350 _a0.00
995 _D0.00
_FCBU-MAIN LIBRARY (Kitwe)
_H1
_I1.75
_M1
_ULOST
_ZFiction Collection
999 _c53661
_d53661